| 000 | 00555nam a2200193 a 4500 | ||
|---|---|---|---|
| 005 | 20240803063734.0 | ||
| 008 | 991125s1972 bar 000 0 spa u | ||
| 035 | _aUPN01000010891 | ||
| 049 | _aCG | ||
| 050 | 4 |
_aPQ6601 Y3 _bC6 |
|
| 100 | 1 |
_aAyala, Francisco, _d1906-2009 _928869 |
|
| 245 | 1 | 0 |
_aConfrontaciones / _cFrancisco Ayala |
| 260 |
_aBarcelona (Esp.) : _bSeix Barral, _c1972 |
||
| 300 | _axvii, 363 p | ||
| 440 | 0 |
_aBiblioteca breve de bolsillo440Serie mayor; _v7 |
|
| 650 | 4 |
_aNovela espaƱola _910814 |
|
| 904 |
_aAC _b010892 |
||
| 905 | _aLibro | ||
| 999 |
_c10891 _d10891 |
||